Uplatnenie nepriamej dane v podmienkach Slovenskej republiky diplomová práca
Uložené v:
| Hlavný autor: | |
|---|---|
| Korporativný autor: | |
| Ďalší autori: | |
| Médium: | Kniha |
| Jazyk: | Slovak |
| Vydavateľské údaje: |
Bratislava
2023
|
| Tagy: |
Žiadne tagy, Buďte prvý, kto otaguje tento záznam!
|
MARC
| LEADER | 00000nbm a2200000 4500 | ||
|---|---|---|---|
| 001 | 0293437 | ||
| 005 | 20240307113127.9 | ||
| 041 | 0 | |a slo | |
| 044 | |a SK | ||
| 245 | 1 | 0 | |a Uplatnenie nepriamej dane v podmienkach Slovenskej republiky |b diplomová práca |c Vanesa Fritz ; školiteľ: Katarína Vavrová |
| 264 | 1 | |a Bratislava |c 2023 | |
| 300 | |a 80 s. | ||
| 100 | 1 | |a Fritz, Vanesa | |
| 700 | 1 | |a Vavrová, Katarína, 1960- | |
| 710 | 2 | |a Fakulta podnikového manažmentu EU. Katedra podnikových financií | |